000 01065nam a22003137a 4500
003 CHAP
005 20220329135442.0
008 971013s1983 r 00010 d
010 _a36730
011 _a37702
035 _a41822
040 _cCHAP
090 _aTesis
100 0 0 _aOrtega Ortega, Maximino Javier.
_983851
245 _aContribución al estudio de la adaptación del ganado bovino a los trópicos
260 _aMonterrey, N. L. :
_bEl autor,
_c1983
300 _a76 h.
_b; gráfs.
502 _aTesis (Ing. Agr. Zootecnista) -- ITESM. División de Ciencias Agropecuarias y Marítimas
590 _aALEPH
_b10
_c20130110
_lUCH01
_h1301
590 _aBATCH-UPD
_b10
_c20130110
_lUCH01
_h1930
590 _aBATCH-UPD
_b10
_c20130410
_lUCH01
_h1255
590 _aBATCH-UPD
_b10
_c20130914
_lUCH01
_h1528
590 _aCONVERSION
_b10
_c20130109
_lUCH01
_h1321
650 1 4 _aGanado vacuno
_xEfecto del medio ambiente.
_945459
650 1 4 _aGanado vacuno
_xTrópicos.
_945522
901 _aBK
942 _cTESIS
949 _bBC
_cTES
_d-96209
_eTS1
_i41822
_si
999 _c36730
_d36730